El anticristo : maldición del Cristianismo

محفوظ في:
التفاصيل البيبلوغرافية
المؤلف الرئيسي: Nietzsche, Friedrich
التنسيق: كتاب
اللغة:Spanish
منشور في: Madrid, España Ediciones Escolares 2011
الموضوعات:
الوسوم: إضافة وسم
لا توجد وسوم, كن أول من يضع وسما على هذه التسجيلة!

MARC

LEADER 00000nam a2200000Ia 4500
008 170316s9999 xx 000 0 spa d
040 |a cru BVZT 
090 |a 100 N-6an 
100 |a Nietzsche, Friedrich 
245 |a El anticristo : maldición del Cristianismo 
260 |a Madrid, España 
260 |b Ediciones Escolares 
260 |c 2011 
300 |a 124 páginas 
650 |a FILOSOFÍA  |9 5 
650 |a ENSAYO DE UNA CRÍTICA AL CRISTIANISMO 
999 |c 17155  |d 17155 
942 |c 4 D  |h 100 N-6an  |2 z